Alchemy The Tranquebar book of Ertotic Stories II (Record no. 182861)

MARC details
000 -LEADER
fixed length control field 00605 a2200193 4500
005 - DATE AND TIME OF LATEST TRANSACTION
control field 20211208125927.0
010 ## - LCCN (DPL NO)
LC control number ENG-130234
020 ## - INTERNATIONAL STANDARD BOOK NUMBER
Terms of availability 455.00
International Standard Book Number 978-93-82618-03-4
035 ## - SYSTEM CONTROL NUMBER
System control number EN-113766
037 ## - SOURCE OF ACQUISITION
Source of stock number/acquisition DBAD / PUB
082 ## - DEWEY DECIMAL CLASSIFICATION NUMBER
Classification number 823.0108954
245 ## - TITLE STATEMENT
Title Alchemy The Tranquebar book of Ertotic Stories II
Statement of responsibility, etc Edited by Sheba Karim
250 ## - EDITION STATEMENT
Edition statement 2012
260 ## - PUBLICATION, DISTRIBUTION, ETC. (IMPRINT)
Place of publication, distribution, etc Chennai
Name of publisher, distributor, etc Tranquebar Press
Date of publication, distribution, etc 2012
270 ## - ADDRESS
City Chennai
Postal code 600095
Address Venkat Towers, 165, P.H. Road, Maduravoyal
300 ## - PHYSICAL DESCRIPTION
Extent ix,232p.
Dimensions 20cm (pbk)
700 ## - ADDED ENTRY--PERSONAL NAME
Personal name Karim, Sheba
942 ## - ADDED ENTRY ELEMENTS (KOHA)
Institution code [OBSOLETE] dpl
Item type English Books
Source of classification or shelving scheme Dewey Decimal Classification
Classification part 823.0108954
Call number suffix KAR
Holdings
Withdrawn status Lost status Not for loan Collection code Home library Current library Date acquired Source of acquisition Cost, normal purchase price Full call number Barcode Copy number Cost, replacement price Koha item type
      Non-fiction Shahdara Branch Shahdara Branch 08/12/2021 DBAD/PUB 455.00 823.0108954 KAR EN-113766 1 455.00 English Books

© Delhi Public Library
Hit Counter
free hit counter